| 000 | 00449nam a22001577a 4500 | ||
|---|---|---|---|
| 005 | 20231026093526.0 | ||
| 008 | 231026b |||||||| |||| 00| 0 eng d | ||
| 041 | _aEnglish | ||
| 082 | _a346.7 SOU | ||
| 100 | _lEnglish | ||
| 245 | _aSouth African Law Commission : Report on committal in respect of debt | ||
| 260 | _c1986 | ||
| 300 |
_bviii, 37 pages ; _c25,7 cm. |
||
| 650 |
_aLegal practice _bLaw |
||
| 942 |
_cBK _6ALISON_BN_VRIES |
||
| 999 |
_c78 _d78 |
||